[Event "43. Olimpiada Batumi 2018 Femenina"]
[Site "Batumi GEO"]
[Date "2018.09.28"]
[Round "5.2"]
[White "Debowska, Teresa"]
[Black "Nepando, Jolly"]
[Result "1-0"]
[WhiteElo "1799"]
[BlackElo "1479"]
[PlyCount "83"]
[EventDate "2018.09.24"]
[EventType "team-swiss"]
[EventRounds "11"]
[EventCountry "GEO"]
[SourceTitle "Ajedrez en Madrid"]
[Source "lmi"]
[SourceDate "2018.09.24"]
[WhiteTeam "IBCA"]
[BlackTeam "Namibia"]
[BlackTeamCountry "NAM"]

1. f4 d5 2. Nf3 Nc6 3. g3 g6 4. Bg2 Bg7 5. O-O Nf6 6. d3 O-O 7. c3 Re8 8. Qc2
e6 9. e4 e5 10. Nxe5 dxe4 11. Nxc6 bxc6 12. dxe4 Bb7 13. e5 Nd5 14. a3 f6 15.
c4 Nb6 16. Be3 fxe5 17. f5 gxf5 18. Rxf5 Nd7 19. Nc3 Rf8 20. Rd1 Qe7 21. b4 Qe6
22. Rh5 Nf6 23. Rh4 h6 24. Bh3 Qf7 25. Bxh6 Bxh6 26. Rxh6 Bc8 27. Bxc8 Raxc8
28. Qf5 Rce8 29. Qg5+ Qg7 30. Rg6 Qxg6 31. Qxg6+ Kh8 32. Rf1 Nh7 33. Rxf8+ Rxf8
34. Ne4 c5 35. Nxc5 Rf6 36. Qe8+ Nf8 37. Qxe5 Kg7 38. Qxc7+ Rf7 39. Qe5+ Kg8
40. Ne6 Ng6 41. Qh5 Ne7 42. Ng5 1-0

[Event "43. Olimpiada Batumi 2018 Femenina"]
[Site "Batumi GEO"]
[Date "2018.09.28"]
[Round "5.3"]
[White "Shipindo, Rauha"]
[Black "Zarubinskaya, Irina"]
[Result "0-1"]
[WhiteElo "1518"]
[BlackElo "1772"]
[PlyCount "92"]
[EventDate "2018.09.24"]
[EventType "team-swiss"]
[EventRounds "11"]
[EventCountry "GEO"]
[SourceTitle "Ajedrez en Madrid"]
[Source "lmi"]
[SourceDate "2018.09.24"]
[WhiteTeam "Namibia"]
[BlackTeam "IBCA"]
[WhiteTeamCountry "NAM"]

1. e4 c5 2. Nf3 d6 3. d4 cxd4 4. Nxd4 Nf6 5. Nc3 Nc6 6. Be3 g6 7. Bd3 Bg7 8.
O-O O-O 9. Nxc6 bxc6 10. f4 Ng4 11. Qf3 Nxe3 12. Qxe3 Qa5 13. Nd1 Rb8 14. c3
Bg4 15. Be2 Bxe2 16. Qxe2 Qb6+ 17. Qf2 d5 18. exd5 cxd5 19. Qxb6 Rxb6 20. Rb1
Rc8 21. Rf3 d4 22. cxd4 Bxd4+ 23. Kf1 Rc2 24. Ra3 Rf6 25. Rf3 e5 26. f5 Rxf5
27. Rxf5 gxf5 28. a4 e4 29. Nc3 Rf2+ 30. Ke1 Rxg2 31. Rd1 Bxc3+ 32. bxc3 Rg1+
33. Ke2 Rxd1 34. Kxd1 Kf8 35. Ke2 f4 36. h3 f5 37. Kd2 Ke7 38. h4 h5 39. a5 Kd6
40. Ke2 Kc5 41. Kd2 Kc4 42. Kc2 e3 43. Kd1 f3 44. a6 Kxc3 45. Ke1 e2 46. Kf2
Kd2 0-1

[Event "43. Olimpiada Batumi 2018 Femenina"]
[Site "Batumi GEO"]
[Date "2018.09.28"]
[Round "5.4"]
[White "Vaishali Nrendra, Salavkar"]
[Black "Valombola, Magdalena"]
[Result "1-0"]
[WhiteElo "1357"]
[BlackElo "1364"]
[PlyCount "67"]
[EventDate "2018.09.24"]
[EventType "team-swiss"]
[EventRounds "11"]
[EventCountry "GEO"]
[SourceTitle "Ajedrez en Madrid"]
[Source "lmi"]
[SourceDate "2018.09.24"]
[WhiteTeam "IBCA"]
[BlackTeam "Namibia"]
[BlackTeamCountry "NAM"]

1. e4 d5 2. exd5 Qxd5 3. Nc3 Qd8 4. d4 Nf6 5. Nf3 Bf5 6. Bd3 e6 7. O-O Be7 8.
Re1 O-O 9. Bf4 Nc6 10. Bxf5 exf5 11. a3 a5 12. Qd3 Qd7 13. Rad1 Rfd8 14. d5 Na7
15. Ne5 Qe8 16. Qxf5 g6 17. Qh3 Nh5 18. Qe3 Nxf4 19. Qxf4 Bd6 20. Qf6 Be7 21.
Qf3 Rd6 22. Ng4 Rad8 23. Ne4 f5 24. Nef6+ Bxf6 25. Nxf6+ Rxf6 26. Rxe8+ Rxe8
27. g3 Nb5 28. c4 Nd6 29. Kf1 Nxc4 30. Qc3 Ne5 31. Re1 f4 32. Rxe5 Rxe5 33.
Qxe5 Rf5 34. Qxc7 1-0

[Event "43. Olimpiada Batumi 2018 Femenina"]
[Site "Batumi GEO"]
[Date "2018.09.28"]
[Round "5.1"]
[White "Parveen, Tanima"]
[Black "Liu, Yang Hazel"]
[Result "1/2-1/2"]
[WhiteElo "2022"]
[BlackElo "2064"]
[PlyCount "65"]
[EventDate "2018.09.24"]
[EventType "team-swiss"]
[EventRounds "11"]
[EventCountry "GEO"]
[SourceTitle "Ajedrez en Madrid"]
[Source "lmi"]
[SourceDate "2018.09.24"]
[WhiteTeam "Bangladesh"]
[BlackTeam "Singapore"]
[WhiteTeamCountry "BAN"]
[BlackTeamCountry "SIN"]

1. e4 c5 2. c3 Nf6 3. e5 Nd5 4. d4 cxd4 5. Nf3 Nc6 6. cxd4 d6 7. exd6 Qxd6 8.
Nc3 Bg4 9. Be2 e6 10. O-O Be7 11. h3 Bh5 12. a3 O-O 13. Nb5 Qd8 14. Ne5 Bxe2
15. Qxe2 Nxe5 16. dxe5 Qb6 17. a4 a6 18. Na3 Rac8 19. Qg4 Qb4 20. Qxb4 Nxb4 21.
Rd1 Rfd8 22. Bd2 Nc2 23. Nxc2 Rxc2 24. Bc3 h6 25. Rdc1 Rxc1+ 26. Rxc1 Rd5 27.
Kf1 Bg5 28. Re1 Kf8 29. g3 Ke8 30. Ke2 Bd8 31. Rd1 Rxd1 32. Kxd1 Kd7 33. Ke2
1/2-1/2

[Event "43. Olimpiada Batumi 2018 Femenina"]
[Site "Batumi GEO"]
[Date "2018.09.28"]
[Round "5.2"]
[White "Hng, Mei-En Emmanuelle"]
[Black "Sultana, Sharmin Shirin"]
[Result "0-1"]
[WhiteElo "2020"]
[BlackElo "1974"]
[PlyCount "138"]
[EventDate "2018.09.24"]
[EventType "team-swiss"]
[EventRounds "11"]
[EventCountry "GEO"]
[SourceTitle "Ajedrez en Madrid"]
[Source "lmi"]
[SourceDate "2018.09.24"]
[WhiteTeam "Singapore"]
[BlackTeam "Bangladesh"]
[WhiteTeamCountry "SIN"]
[BlackTeamCountry "BAN"]

1. e4 c5 2. d4 cxd4 3. c3 dxc3 4. Nxc3 Nc6 5. Bc4 e6 6. Nf3 a6 7. O-O d6 8. Qe2
Nf6 9. Rd1 Qc7 10. Bg5 Be7 11. Rac1 O-O 12. Bb3 Qb8 13. h3 h6 14. Bf4 e5 15.
Be3 Na5 16. Bd5 Be6 17. Na4 Qe8 18. Nb6 Rb8 19. b4 Nc6 20. Qc4 Bd8 21. a3 Bxb6
22. Bxb6 Rc8 23. Qe2 Bxd5 24. exd5 Ne7 25. Rxc8 Qxc8 26. Qa2 Qc3 27. Be3 Qc8
28. Qb3 b5 29. Rc1 Qb7 30. Nh4 Qxd5 31. Qb1 Qe6 32. Rc7 Ned5 33. Ra7 Nxe3 34.
fxe3 d5 35. Nf5 Ne4 36. Qf1 Kh8 37. Qf3 Rc8 38. Nh4 Ng5 39. Qf5 Qxf5 40. Nxf5
Rc1+ 41. Kh2 Rc6 42. Rd7 Rc3 43. h4 Ne6 44. Rxf7 Rc7 45. Nd6 Kg8 46. Rf5 Rd7
47. Nc8 d4 48. exd4 exd4 49. Nb6 Rd6 50. Nd5 d3 51. Ne3 Nd4 52. Rf1 Nc2 53.
Nxc2 dxc2 54. Rc1 Rd2 55. Kg3 Kf7 56. Kf3 Rd3+ 57. Kf2 Rd2+ 58. Kf3 g6 59. g3
Kf6 60. Ke3 Rg2 61. Kf3 Rh2 62. Re1 g5 63. hxg5+ hxg5 64. Ke3 Rg2 65. Kf3 Rd2
66. Rc1 Ke5 67. Ke3 Rg2 68. Kf3 Rh2 69. Ke3 g4 0-1

[Event "43. Olimpiada Batumi 2018 Femenina"]
[Site "Batumi GEO"]
[Date "2018.09.28"]
[Round "5.3"]
[White "Hamid, Rani"]
[Black "Siew, Kai Xin"]
[Result "1/2-1/2"]
[WhiteElo "1909"]
[BlackElo "1751"]
[PlyCount "114"]
[EventDate "2018.09.24"]
[EventType "team-swiss"]
[EventRounds "11"]
[EventCountry "GEO"]
[SourceTitle "Ajedrez en Madrid"]
[Source "lmi"]
[SourceDate "2018.09.24"]
[WhiteTeam "Bangladesh"]
[BlackTeam "Singapore"]
[WhiteTeamCountry "BAN"]
[BlackTeamCountry "SIN"]

1. e4 c5 2. Nf3 Nc6 3. d4 cxd4 4. Nxd4 g6 5. Nc3 Bg7 6. Be3 Nf6 7. Be2 O-O 8.
O-O d5 9. exd5 Nb4 10. Bf3 Nbxd5 11. Nxd5 Nxd5 12. Bxd5 Qxd5 13. c3 a6 14. a4
Qa5 15. Nb3 Qc7 16. a5 Be5 17. f4 Bd6 18. Kh1 e5 19. Bb6 Qb8 20. fxe5 Bxe5 21.
Bc5 Re8 22. Bg1 Be6 23. Nc5 Rd8 24. Qf3 Bd5 25. Qh3 Qc8 26. Qxc8 Raxc8 27. Rad1
Bc6 28. Rfe1 Bf6 29. Bf2 Rxd1 30. Rxd1 Rd8 31. Rd3 Rxd3 32. Nxd3 Bd8 33. b4 Kf8
34. Kg1 f5 35. Bd4 Kf7 36. Ne5+ Ke6 37. Nd3 Bc7 38. g3 Kd5 39. Kf2 Ke4 40. Nc5+
Kd5 41. Ke3 Bb8 42. Nb3 Bc7 43. Nd2 Bb5 44. Nf3 Bd7 45. Ng5 h6 46. Nf3 g5 47.
Nd2 f4+ 48. Kf2 fxg3+ 49. hxg3 g4 50. Bg7 h5 51. c4+ Ke6 52. Ne4 Kf7 53. Bd4
Kg6 54. Nc5 Bc6 55. Ne6 Bd6 56. c5 Bb8 57. Be3 Be5 1/2-1/2

[Event "43. Olimpiada Batumi 2018 Femenina"]
[Site "Batumi GEO"]
[Date "2018.09.28"]
[Round "5.4"]
[White "Hng, Mei-Xian Eunice"]
[Black "Sultana, Zakia"]
[Result "0-1"]
[WhiteElo "1687"]
[BlackElo "1838"]
[PlyCount "149"]
[EventDate "2018.09.24"]
[EventType "team-swiss"]
[EventRounds "11"]
[EventCountry "GEO"]
[SourceTitle "Ajedrez en Madrid"]
[Source "lmi"]
[SourceDate "2018.09.24"]
[WhiteTeam "Singapore"]
[BlackTeam "Bangladesh"]
[WhiteTeamCountry "SIN"]
[BlackTeamCountry "BAN"]

1. e4 e6 2. d4 d5 3. Nc3 Nf6 4. Bg5 Be7 5. e5 Nfd7 6. h4 a6 7. Bxe7 Qxe7 8. f4
c5 9. Nf3 Nc6 10. Qd2 cxd4 11. Nxd4 Qb4 12. O-O-O Nxd4 13. Qxd4 Qxd4 14. Rxd4
b5 15. g4 Bb7 16. Bg2 Nb6 17. f5 Ke7 18. Re1 Rhd8 19. Ne2 Rac8 20. Nf4 Rc7 21.
Nh5 Rdc8 22. Re2 Kf8 23. f6 gxf6 24. Nxf6 Kg7 25. Nh5+ Kg8 26. Nf6+ Kg7 27.
Nh5+ Kf8 28. Nf6 Nc4 29. Bh3 Kg7 30. g5 Nb6 31. h5 Rc4 32. Rd3 Rf4 33. g6 hxg6
34. hxg6 Rh8 35. gxf7 Kxf7 36. b3 b4 37. Rg3 Rfh4 38. Bg2 Bc6 39. Rf2 Ke7 40.
Rg7+ Kd8 41. Kb2 Rf8 42. Rf1 a5 43. Ra7 a4 44. Rg1 a3+ 45. Kc1 Nc8 46. Rg7 Ne7
47. Bf3 Nf5 48. R7g4 Rfh8 49. Rxh4 Rxh4 50. Rg4 Rh3 51. Be2 Re3 52. Kd2 Rxe5
53. Rxb4 Nd6 54. Ng4 Re4 55. Rxe4 Nxe4+ 56. Kd3 Bb5+ 57. c4 Ba6 58. Ne5 Kc7 59.
Kd4 Nd2 60. Kc3 dxc4 61. Nxc4 Ne4+ 62. Kb4 Ng3 63. Bg4 Bxc4 64. bxc4 e5 65.
Kxa3 e4 66. Kb3 Kc6 67. Kc2 Kc5 68. Be6 e3 69. Kd1 e2+ 70. Ke1 Kb4 71. Bd5 Kc5
72. a3 Kd4 73. a4 Ke3 74. a5 Nf5 75. Bf7 0-1

[Event "43. Olimpiada Batumi 2018 Femenina"]
[Site "Batumi GEO"]
[Date "2018.09.28"]
[Round "5.1"]
[White "Tan, Li Ting"]
[Black "Maksimovic, Masa"]
[Result "1-0"]
[WhiteElo "2054"]
[BlackElo "2130"]
[PlyCount "113"]
[EventDate "2018.09.24"]
[EventType "team-swiss"]
[EventRounds "11"]
[EventCountry "GEO"]
[SourceTitle "Ajedrez en Madrid"]
[Source "lmi"]
[SourceDate "2018.09.24"]
[WhiteTeam "Malaysia"]
[BlackTeam "Bosnia & Herzegovina"]
[WhiteTeamCountry "MAS"]
[BlackTeamCountry "BIH"]

1. c4 g6 2. Nf3 Bg7 3. Nc3 d6 4. g3 e5 5. d4 Nc6 6. d5 Nce7 7. Bg2 h6 8. e4 f5
9. O-O Nf6 10. Ne1 O-O 11. Nd3 g5 12. exf5 Bxf5 13. Re1 Qd7 14. f3 Bg6 15. Nf2
Rad8 16. Nfe4 Kh8 17. Be3 a6 18. a4 a5 19. Qd2 b6 20. Kh1 Nf5 21. Bg1 Rde8 22.
Nb5 Qd8 23. b4 axb4 24. Qxb4 Nh7 25. a5 bxa5 26. Rxa5 h5 27. Ra7 Rf7 28. Qa5
Nd4 29. Nxc7 Rg8 30. Bxd4 exd4 31. Ne6 Qxa5 32. Rxa5 Bxe4 33. fxe4 Be5 34. Rf1
Rxf1+ 35. Bxf1 Nf6 36. Bd3 h4 37. Kg2 hxg3 38. hxg3 g4 39. c5 dxc5 40. Rxc5 Ra8
41. Rc6 Ra2+ 42. Kg1 Ra3 43. Nc5 Rc3 44. Kf2 Kg8 45. Re6 Rxc5 46. Rxe5 Ra5 47.
Rf5 Ra2+ 48. Ke1 Kg7 49. d6 Ra3 50. e5 Nd7 51. e6 Nf6 52. Rg5+ Kf8 53. e7+ Kf7
54. Bc4+ Ke8 55. Bb5+ Kf7 56. Rf5 Rxg3 57. e8=Q+ 1-0

[Event "43. Olimpiada Batumi 2018 Femenina"]
[Site "Batumi GEO"]
[Date "2018.09.28"]
[Round "5.2"]
[White "Mahmutbegovic, Nadina"]
[Black "Azman Hisham, Nur Nabila"]
[Result "0-1"]
[WhiteElo "1946"]
[BlackElo "1943"]
[PlyCount "80"]
[EventDate "2018.09.24"]
[EventType "team-swiss"]
[EventRounds "11"]
[EventCountry "GEO"]
[SourceTitle "Ajedrez en Madrid"]
[Source "lmi"]
[SourceDate "2018.09.24"]
[WhiteTeam "Bosnia & Herzegovina"]
[BlackTeam "Malaysia"]
[WhiteTeamCountry "BIH"]
[BlackTeamCountry "MAS"]

1. e4 c5 2. Nf3 e6 3. d4 cxd4 4. Nxd4 a6 5. c4 Qc7 6. Be2 Nf6 7. Nc3 b6 8. O-O
Bb7 9. f3 d6 10. Be3 Be7 11. Rc1 O-O 12. Kh1 Nc6 13. Nxc6 Qxc6 14. b4 Qc7 15.
Na4 Nd7 16. Qd4 a5 17. b5 Nc5 18. Qd1 Rad8 19. Qc2 d5 20. cxd5 exd5 21. Bd4
dxe4 22. Qc3 f6 23. Nxc5 Bxc5 24. Bxc5 bxc5 25. fxe4 Bxe4 26. Bf3 Bxf3 27. Rxf3
Rfe8 28. Qc4+ Kh8 29. h3 Re5 30. Rd3 Rde8 31. Kg1 h6 32. Rcd1 Re4 33. Qc3 Qb6
34. Rd5 c4+ 35. Kh1 Qf2 36. Rd8 Rxd8 37. Rxd8+ Kh7 38. Qf3 Re1+ 39. Kh2 Qg1+
40. Kg3 Re3 0-1

[Event "43. Olimpiada Batumi 2018 Femenina"]
[Site "Batumi GEO"]
[Date "2018.09.28"]
[Round "5.3"]
[White "Azhar, Puteri Munajjah Az-"]
[Black "Tomic, Jelena"]
[Result "1-0"]
[WhiteElo "1869"]
[BlackElo "1921"]
[PlyCount "109"]
[EventDate "2018.09.24"]
[EventType "team-swiss"]
[EventRounds "11"]
[EventCountry "GEO"]
[SourceTitle "Ajedrez en Madrid"]
[Source "lmi"]
[SourceDate "2018.09.24"]
[WhiteTeam "Malaysia"]
[BlackTeam "Bosnia & Herzegovina"]
[WhiteTeamCountry "MAS"]
[BlackTeamCountry "BIH"]

1. e4 d5 2. exd5 Qxd5 3. Nf3 Bg4 4. Be2 Nc6 5. d4 O-O-O 6. Be3 e5 7. c4 Qa5+ 8.
Bd2 Bb4 9. d5 Bxf3 10. Bxf3 Nd4 11. Nc3 Qa6 12. Be2 Nf6 13. a3 Bxc3 14. Bxc3
Nxe2 15. Qxe2 Rhe8 16. b4 c6 17. dxc6 Qxc6 18. O-O Nd7 19. b5 Qc7 20. Bb4 Kb8
21. Rac1 Nc5 22. Rcd1 Ne6 23. Qa2 Nd4 24. a4 f5 25. c5 f4 26. f3 e4 27. Qc4 Nf5
28. Rxd8+ Qxd8 29. Re1 Ne3 30. Qe2 Qd4 31. Qd2 Qxd2 32. Bxd2 exf3 33. gxf3 Re5
34. Bxe3 fxe3 35. f4 Re4 36. a5 Kc7 37. Kg2 Re6 38. Kf3 a6 39. bxa6 Rxa6 40.
Rxe3 Rg6 41. f5 Rg5 42. Kf4 h6 43. h4 Rg1 44. Re6 Rc1 45. Re7+ Kc6 46. Rxg7
Rc4+ 47. Ke5 Rxc5+ 48. Ke6 Rxa5 49. f6 Ra1 50. f7 Re1+ 51. Kf6 Rf1+ 52. Ke7
Re1+ 53. Kf8 b5 54. Kg8 Rf1 55. f8=Q 1-0

[Event "43. Olimpiada Batumi 2018 Femenina"]
[Site "Batumi GEO"]
[Date "2018.09.28"]
[Round "5.4"]
[White "Tomic, Vladanka"]
[Black "Nithyalakshmi, Sivanesan"]
[Result "0-1"]
[WhiteElo "1862"]
[BlackElo "1866"]
[PlyCount "54"]
[EventDate "2018.09.24"]
[EventType "team-swiss"]
[EventRounds "11"]
[EventCountry "GEO"]
[SourceTitle "Ajedrez en Madrid"]
[Source "lmi"]
[SourceDate "2018.09.24"]
[WhiteTeam "Bosnia & Herzegovina"]
[BlackTeam "Malaysia"]
[WhiteTeamCountry "BIH"]
[BlackTeamCountry "MAS"]

1. e4 g6 2. d4 Bg7 3. Nf3 d6 4. Be2 Nf6 5. Nc3 O-O 6. O-O a6 7. h3 b5 8. a3 Bb7
9. Bd3 c5 10. dxc5 dxc5 11. Re1 c4 12. Bf1 Qxd1 13. Nxd1 Bxe4 14. c3 e6 15. Bg5
Bb7 16. Ne3 Ne4 17. Rac1 Nd7 18. Nc2 Nxg5 19. Nxg5 Nc5 20. Rcd1 Rad8 21. Nf3
Na4 22. Rb1 Rfe8 23. Nfd4 e5 24. Nf3 f5 25. Kh2 Be4 26. Re2 Bd3 27. Rd2 Bh6 0-1

[Event "43. Olimpiada Batumi 2018 Femenina"]
[Site "Batumi GEO"]
[Date "2018.09.28"]
[Round "5.2"]
[White "Medic, Mirjana"]
[Black "Lagutina, Olga"]
[Result "1-0"]
[WhiteElo "2167"]
[BlackElo "1948"]
[PlyCount "61"]
[EventDate "2018.09.24"]
[EventType "team-swiss"]
[EventRounds "11"]
[EventCountry "GEO"]
[SourceTitle "Ajedrez en Madrid"]
[Source "lmi"]
[SourceDate "2018.09.24"]
[WhiteTeam "Croatia"]
[BlackTeam "ICCD"]
[WhiteTeamCountry "CRO"]

1. d4 d5 2. c4 e6 3. Nc3 Nf6 4. Nf3 Nbd7 5. Bf4 c6 6. e3 Be7 7. h3 Ne4 8. Qc2
Qa5 9. Bd3 Ndf6 10. O-O Nxc3 11. bxc3 b6 12. Nd2 O-O 13. e4 dxe4 14. Nxe4 h6
15. Rfe1 Ba6 16. Nxf6+ Bxf6 17. Be5 Bxe5 18. Rxe5 Qa3 19. Rae1 Qe7 20. Qe2 Bb7
21. Qe4 g6 22. Qg4 Qf6 23. c5 Rad8 24. Bc4 Bc8 25. h4 bxc5 26. Rxc5 e5 27. dxe5
Qxf2+ 28. Kxf2 Bxg4 29. Rxc6 Rc8 30. Rxg6+ Kh8 31. Rxg4 1-0

[Event "43. Olimpiada Batumi 2018 Femenina"]
[Site "Batumi GEO"]
[Date "2018.09.28"]
[Round "5.3"]
[White "Myronenko, Natalya"]
[Black "Ivekovic, Tihana"]
[Result "1/2-1/2"]
[WhiteElo "1919"]
[BlackElo "2114"]
[PlyCount "86"]
[EventDate "2018.09.24"]
[EventType "team-swiss"]
[EventRounds "11"]
[EventCountry "GEO"]
[SourceTitle "Ajedrez en Madrid"]
[Source "lmi"]
[SourceDate "2018.09.24"]
[WhiteTeam "ICCD"]
[BlackTeam "Croatia"]
[BlackTeamCountry "CRO"]

1. e4 c5 2. Nf3 e6 3. d4 cxd4 4. Nxd4 a6 5. Be2 Nf6 6. Nc3 Bb4 7. Qd3 Qc7 8.
O-O O-O 9. f4 d6 10. Bf3 Bd7 11. a4 Nc6 12. Kh1 Rac8 13. Nce2 Rfe8 14. c3 Bc5
15. g4 e5 16. Nf5 Bxf5 17. gxf5 exf4 18. Bxf4 Ne5 19. Bxe5 dxe5 20. Rad1 Red8
21. Qc2 Qc6 22. Ng3 Ba7 23. Rxd8+ Rxd8 24. Rd1 Rxd1+ 25. Qxd1 Qb6 26. Ne2 g6
27. fxg6 hxg6 28. Qg1 Qxg1+ 29. Nxg1 Bxg1 30. Kxg1 Kf8 31. Kf2 Ke7 32. Ke3 a5
33. Be2 b6 34. h3 Ne8 35. b4 Ng7 36. Bg4 Ne8 37. Be2 Ng7 38. Bg4 Kd6 39. Kd3
Ne8 40. Ke3 Ng7 41. Kd3 Ne8 42. Ke3 Nc7 43. Kd3 Ne8 1/2-1/2

[Event "43. Olimpiada Batumi 2018 Femenina"]
[Site "Batumi GEO"]
[Date "2018.09.28"]
[Round "5.4"]
[White "Ivekovic, Ana"]
[Black "Malika, Handa"]
[Result "1/2-1/2"]
[WhiteElo "2118"]
[BlackElo "1334"]
[PlyCount "72"]
[EventDate "2018.09.24"]
[EventType "team-swiss"]
[EventRounds "11"]
[EventCountry "GEO"]
[SourceTitle "Ajedrez en Madrid"]
[Source "lmi"]
[SourceDate "2018.09.24"]
[WhiteTeam "Croatia"]
[BlackTeam "ICCD"]
[WhiteTeamCountry "CRO"]

1. d4 d5 2. c4 e6 3. Nc3 Nf6 4. Nf3 Be7 5. Bf4 O-O 6. e3 c5 7. Be2 a6 8. cxd5
Nxd5 9. Bxb8 Rxb8 10. O-O b5 11. Rc1 c4 12. Ne4 Bb7 13. Ng3 Qa5 14. Ne5 Rfd8
15. Qc2 Nb4 16. Qd2 Qc7 17. Qe1 Nxa2 18. Ra1 Nb4 19. Qb1 Nc6 20. Nxf7 Kxf7 21.
Qxh7 Rg8 22. f4 Bf6 23. Ne4 Rbf8 24. Bh5+ Ke7 25. Qg6 Kd8 26. Rfd1 Ne7 27. Nc5
Nxg6 28. Nxe6+ Kd7 29. Nxc7 Kxc7 30. Bxg6 Rd8 31. Rac1 Kd6 32. e4 Kd7 33. e5
Be7 34. g3 Bd5 35. Ra1 Ra8 36. Kf2 Rh8 1/2-1/2

[Event "43. Olimpiada Batumi 2018 Femenina"]
[Site "Batumi GEO"]
[Date "2018.09.28"]
[Round "5.1"]
[White "Premanath, Dinushki"]
[Black "de Leon, Patricia"]
[Result "1/2-1/2"]
[WhiteElo "1813"]
[BlackElo "1929"]
[PlyCount "147"]
[EventDate "2018.09.24"]
[EventType "team-swiss"]
[EventRounds "11"]
[EventCountry "GEO"]
[SourceTitle "Ajedrez en Madrid"]
[Source "lmi"]
[SourceDate "2018.09.24"]
[WhiteTeam "Sri Lanka"]
[BlackTeam "Uruguay"]
[WhiteTeamCountry "SRI"]
[BlackTeamCountry "URU"]

1. e4 e6 2. d4 d5 3. Bd3 dxe4 4. Bxe4 Nf6 5. Bf3 c5 6. Ne2 Nc6 7. Be3 Nxd4 8.
Nxd4 cxd4 9. Bxd4 Be7 10. Nc3 O-O 11. Qd3 Qa5 12. O-O e5 13. Be3 Be6 14. Rfe1
a6 15. Qe2 Rfd8 16. Bg5 h6 17. Bh4 Qb4 18. Bg3 Bc4 19. Qxe5 Bd6 20. Qf5 Bxg3
21. hxg3 Qxb2 22. Ne4 Be6 23. Nxf6+ Qxf6 24. Qxf6 gxf6 25. Bxb7 Ra7 26. Be4 Rb8
27. a4 a5 28. Bd3 Rc7 29. Rab1 Ra8 30. Rb6 Kg7 31. Rb2 Bd7 32. Bb5 Be6 33. Bd3
Bd7 34. Ra1 Rac8 35. Kf1 Re8 36. Bb5 Rec8 37. Bd3 Re8 38. Rb6 Ra8 39. Ke1 Raa7
40. Kd2 Rc5 41. Ke3 Rc3 42. Kd2 Rc5 43. Ra3 Rac7 44. Rb8 Ra7 45. f3 Rac7 46.
Rb6 Ra7 47. g4 Rac7 48. Rb8 Ra7 49. Bb5 Be6 50. Rc3 Rxc3 51. Kxc3 f5 52. gxf5
Bxf5 53. Kd2 h5 54. c4 Rc7 55. Ra8 h4 56. Rxa5 Be6 57. Kd3 Rc5 58. f4 Kf6 59.
Ra8 Kf5 60. Rh8 Kg4 61. a5 Rc7 62. a6 Kg3 63. Kd4 f6 64. Rh6 Rf7 65. Ke4 Bc8
66. Kd5 Ra7 67. Kc5 Bxa6 68. Kb6 Bxb5 69. cxb5 Ra2 70. Kc7 Rc2+ 71. Kd6 Rd2+
72. Kc7 Rc2+ 73. Kd7 Rd2+ 74. Kc7 1/2-1/2

[Event "43. Olimpiada Batumi 2018 Femenina"]
[Site "Batumi GEO"]
[Date "2018.09.28"]
[Round "5.2"]
[White "Silva Rosas, Natalia"]
[Black "Ranasinghe, S D."]
[Result "1/2-1/2"]
[WhiteElo "1833"]
[BlackElo "1785"]
[PlyCount "324"]
[EventDate "2018.09.24"]
[EventType "team-swiss"]
[EventRounds "11"]
[EventCountry "GEO"]
[SourceTitle "Ajedrez en Madrid"]
[Source "lmi"]
[SourceDate "2018.09.24"]
[WhiteTeam "Uruguay"]
[BlackTeam "Sri Lanka"]
[WhiteTeamCountry "URU"]
[BlackTeamCountry "SRI"]

1. e4 c5 2. c3 d5 3. exd5 Qxd5 4. d4 Nc6 5. Nf3 Bg4 6. Be2 cxd4 7. cxd4 Nf6 8.
Nc3 Qd8 9. d5 Nb8 10. O-O g6 11. h3 Bd7 12. Re1 Bg7 13. d6 e6 14. Nb5 Bxb5 15.
Bxb5+ Nbd7 16. Bg5 O-O 17. Rc1 h6 18. Bh4 Qb6 19. Bc4 Qxb2 20. Bb3 Rac8 21. Rb1
Qc3 22. Re3 Qc5 23. Ba4 g5 24. Bg3 Nd5 25. Bxd7 Nxe3 26. fxe3 Rcd8 27. Rxb7
Qxe3+ 28. Bf2 Qf4 29. Rxa7 h5 30. Qd2 Qxd2 31. Nxd2 Ra8 32. Rxa8 Rxa8 33. a4
Rd8 34. Bb5 Rxd6 35. Ne4 Rd1+ 36. Kh2 Be5+ 37. g3 f6 38. Kg2 Kf7 39. Kf3 Ra1
40. Bc5 Rb1 41. Nd2 Rc1 42. Bf2 Rc3+ 43. Be3 f5 44. Ke2 f4 45. gxf4 gxf4 46.
Bf2 Bc7 47. h4 Ba5 48. Ne4 f3+ 49. Kd1 Ra3 50. Kc2 Ra2+ 51. Kb3 Rxf2 52. Nxf2
Bd8 53. Kc4 Bxh4 54. Ne4 Kg6 55. Kd4 Kf5 56. Ke3 Bd8 57. Kxf3 Ke5 58. Nf2 Kd4
59. Be8 h4 60. Bd7 Ke5 61. Ng4+ Kd6 62. Bb5 Kd5 63. Ne3+ Kd4 64. Ng2 h3 65. Nf4
h2 66. Kg2 Ke5 67. Nd3+ Kd4 68. Kxh2 e5 69. Kg2 e4 70. Nf4 Bb6 71. Kf1 Ke5 72.
Ng2 Bd8 73. Ke2 Bc7 74. Kd2 Ba5+ 75. Kc2 Kd4 76. Nf4 Ke5 77. Ne2 Kd5 78. Nc1
Bb6 79. Nb3 Bc7 80. Nd2 Ba5 81. Nc4 Bc7 82. Kd2 Kd4 83. Ke2 Bd8 84. Nd6 Bc7 85.
Nf5+ Ke5 86. Ne3 Kd4 87. Bc6 Bf4 88. Ng4 Bg5 89. Nf2 e3 90. Nd1 Bf4 91. Bb5 Bg5
92. Nb2 Bd8 93. Nc4 Bc7 94. Nxe3 Ba5 95. Nc4 Bc7 96. Kf3 Bd8 97. Kf4 Bc7+ 98.
Kf5 Kd5 99. Kf6 Bd8+ 100. Kf7 Kc5 101. Ke8 Bh4 102. Kd7 Be1 103. Kc7 Bg3+ 104.
Kb7 Be1 105. Ka6 Bc3 106. Nb6 Be1 107. Be8 Bd2 108. Bf7 Be1 109. Nd5 Bd2 110.
Nf6 Be1 111. Ne4+ Kc6 112. Bc4 Bb4 113. Bf1 Be1 114. Bg2 Kd7 115. Kb6 Bb4 116.
Kb5 Be1 117. Nc5+ Kc7 118. Nd3 Bc3 119. Nb4 Bd4 120. Nd5+ Kd6 121. a5 Bg1 122.
Nb6 Kc7 123. Na8+ Kb8 124. Ka6 Bf2 125. Nb6 Bg1 126. Kb5 Kc7 127. Na4 Kd6 128.
a6 Ba7 129. Bb7 Kc7 130. Nc5 Bb6 131. Nd3 Ba7 132. Ne5 Bd4 133. Bg2 Ba7 134.
Nc6 Bf2 135. Bh3 Bg1 136. Ne7 Ba7 137. Nc8 Bf2 138. Bg4 Bg1 139. Kc4 Bf2 140.
Kd5 Bg1 141. Ne7 Ba7 142. Nc6 Bf2 143. Nd4 Kb6 144. Be2 Kc7 145. Kc5 Kb8 146.
Bf3 Ka7 147. Bb7 Kb8 148. Kd5 Kc7 149. Nc6 Bg1 150. Ke6 Bf2 151. Ne7 Bg1 152.
Be4 Kb6 153. Bd3 Kc7 154. Kd5 Bf2 155. Nc6 Bg1 156. Bf5 Bf2 157. Nd4 Bg1 158.
Bd7 Bf2 159. Bb5 Bg1 160. Nc6 Bf2 161. Na5 Kb6 162. Kc4 Kxa5 1/2-1/2

[Event "43. Olimpiada Batumi 2018 Femenina"]
[Site "Batumi GEO"]
[Date "2018.09.28"]
[Round "5.3"]
[White "De Silva, Tenara"]
[Black "Quevedo, Andreina"]
[Result "1-0"]
[WhiteElo "1764"]
[BlackElo "1809"]
[PlyCount "61"]
[EventDate "2018.09.24"]
[EventType "team-swiss"]
[EventRounds "11"]
[EventCountry "GEO"]
[SourceTitle "Ajedrez en Madrid"]
[Source "lmi"]
[SourceDate "2018.09.24"]
[WhiteTeam "Sri Lanka"]
[BlackTeam "Uruguay"]
[WhiteTeamCountry "SRI"]
[BlackTeamCountry "URU"]

1. c4 Nf6 2. Nc3 g6 3. g3 Bg7 4. Bg2 O-O 5. e4 d6 6. Nf3 e5 7. d3 Nc6 8. O-O
Ng4 9. h3 Nh6 10. Nd5 Ne7 11. Be3 Kh8 12. d4 c6 13. Nxe7 Qxe7 14. Qd2 Ng8 15.
b4 b6 16. Rad1 Ba6 17. Qc3 d5 18. exd5 cxd5 19. b5 Bb7 20. Nxe5 Bxe5 21. dxe5
dxc4 22. Bxb7 Qxb7 23. Qxc4 Rac8 24. Qh4 Rfe8 25. Bg5 Re6 26. Rd3 Ne7 27. Bf6+
Kg8 28. g4 Nd5 29. Rxd5 Rxf6 30. exf6 h5 31. Rfd1 1-0